000 00290nam a22001337a 4500
008 170622b xxu||||| |||| 00| 0 eng d
020 _a9780252066306
041 _aeng
080 _a94
100 _a16
101 _aSHH
245 _aA HARD FIGHT FOR WE
_cSCHWALM,L.A
942 _2udc
_cBK
999 _c18732
_d18732